000 00892cam a22002414a 4500
001 14271859
005 20250308105949.0
008 060221s2006 nyua 001 0 eng
020 _a0071464700
020 _a9780071464703
050 0 0 _aHF5691
_b.B666 2006
082 0 0 _a650.01/513
_222
100 1 _aBluman, Allan G.
245 1 0 _aBusiness math demystified /
_cAllan G. Bluman.
260 _aNew York :
_bMcGraw-Hill,
_cc2006.
300 _axii, 391 p. :
_bill. ;
_c24 cm.
500 _aIncludes index.
650 0 _aBusiness mathematics.
856 4 2 _3Contributor biographical information
_uhttp://www.loc.gov/catdir/enhancements/fy0632/2006042034-b.html
856 4 2 _3Publisher description
_uhttp://www.loc.gov/catdir/enhancements/fy0632/2006042034-d.html
856 4 1 _3Table of contents only
_uhttp://www.loc.gov/catdir/enhancements/fy0632/2006042034-t.html
942 _2lcc
_cBK
_n0
999 _c4580
_d4580